The religion of India: (Record no. 17832)
[ view plain ]
| 000 -LEADER | |
|---|---|
| fixed length control field | 01043cam a2200289 4500 |
| 001 - CONTROL NUMBER | |
| control field | 2165577 |
| 003 - CONTROL NUMBER IDENTIFIER | |
| control field | BDDh-ASL |
| 005 - DATE AND TIME OF LATEST TRANSACTION | |
| control field | 20231015025638.0 |
| 008 - FIXED-LENGTH DATA ELEMENTS--GENERAL INFORMATION | |
| fixed length control field | 701217s1958 ilu b 001 0 eng |
| 010 ## - LIBRARY OF CONGRESS CONTROL NUMBER | |
| LC control number | 58006491 |
| 040 ## - CATALOGING SOURCE | |
| Original cataloging agency | DLC |
| Transcribing agency | DLC |
| Modifying agency | BDDh-ASL |
| 041 1# - LANGUAGE CODE | |
| Language code of text/sound track or separate title | engger |
| 043 ## - GEOGRAPHIC AREA CODE | |
| Geographic area code | a-ii--- |
| 050 00 - LIBRARY OF CONGRESS CALL NUMBER | |
| Classification number | BL2001 |
| Item number | .W443 |
| 082 00 - DEWEY DECIMAL CLASSIFICATION NUMBER | |
| Classification number | 294 |
| Item number | WER |
| 100 1# - MAIN ENTRY--PERSONAL NAME | |
| Personal name | Weber, Max, |
| Dates associated with a name | 1864-1920. |
| 240 10 - UNIFORM TITLE | |
| Uniform title | Hinduismus und Buddhismus. |
| Language of a work | English |
| 245 14 - TITLE STATEMENT | |
| Title | The religion of India: |
| Remainder of title | the sociology of Hinduism and Buddhism/ |
| Statement of responsibility, etc. | Translated and edited by Hans H. Gerth and Don Martindale. |
| 260 ## - PUBLICATION, DISTRIBUTION, ETC. | |
| Place of publication, distribution, etc. | Glencoe, Ill.: |
| Name of publisher, distributor, etc. | Free Press, |
| Date of publication, distribution, etc. | [1958]. |
| 300 ## - PHYSICAL DESCRIPTION | |
| Extent | 392 p.: |
| Dimensions | 21 cm. |
| 500 ## - GENERAL NOTE | |
| General note | Translation of Hinduismus und Buddhismus, published as v. 2 of the author's Gesammelte Aufsätze zur Religionssoziologie. |
| 504 ## - BIBLIOGRAPHY, ETC. NOTE | |
| Bibliography, etc. note | Includes bibliographical references and index. |
| 651 #0 - SUBJECT ADDED ENTRY--GEOGRAPHIC NAME | |
| Geographic name | India |
| General subdivision | Religion. |
| -- | Hinduism |
| -- | Buddhism |
| 651 #0 - SUBJECT ADDED ENTRY--GEOGRAPHIC NAME | |
| Geographic name | India |
| General subdivision | Social conditions. |
| 906 ## - LOCAL DATA ELEMENT F, LDF (RLIN) | |
| a | 7 |
| b | cbc |
| c | orignew |
| d | u |
| e | ncip |
| f | 19 |
| g | y-gencatlg |
| 942 ## - ADDED ENTRY ELEMENTS (KOHA) | |
| Source of classification or shelving scheme | Dewey Decimal Classification |
| Koha item type | Books |
| Withdrawn status | Lost status | Source of classification or shelving scheme | Damaged status | Not for loan | Collection code | Home library | Current library | Shelving location | Date acquired | Source of acquisition | Total Checkouts | Full call number | Barcode | Date last seen | Copy number | Price effective from | Koha item type | Public note |
|---|---|---|---|---|---|---|---|---|---|---|---|---|---|---|---|---|---|---|
| Dewey Decimal Classification | Not For Loan | Non-fiction | Asiatic Society Library | Asiatic Society Library | Harrison Collection | 09/13/2020 | Donated by Prof. John B. Harrison | 294 WER | 100963 | 09/13/2020 | C-1 | 09/13/2020 | Books | RARE |